00710nam a22001931 450000100060000000300080000600500170001400800390003103500190007004000360008904100080012508200260013310000340015924500920019326000540028530000590033950400500039865000680044812368BD-RjUL20211208235300.0850701s1960 tnuab b 001 0 eng a(BD-RjUL)12417 aDLC/ICUcICUdDLCdBD-RjULbeng aeng00a589.222216bHEM 19601 aHesler, L. R.q(Lexemuel Ray)10aMushrooms of the Great Smokies :ba field guide to some mushrooms and their relatives / aKnoxville,bUniversity of Tennessee Press,cc1960 axii, 289 p. :billus., map (on lining paper) ;c23 cm. aincludes Bibliographical reference and index. 0aMushroomszGreat Smoky Mountains National Park (N.C. and Tenn.)